La larga marcha de las mujeres en las Fuerzas Armadas latinoamericanas /
Este artículo examina la histórica participación de las mujeres en las Fuerzas Armadas de América Latina, destacando su lucha por la igualdad de género en un entorno tradicionalmente dominado por hombres. A lo largo de décadas, las mujeres han enfrentado desafíos y obstáculos para lograr un mayor re...
Salvato in:
| Autore principale: | |
|---|---|
| Natura: | Libro |
| Lingua: | Spanish |
| Soggetti: | |
| Accesso online: | texto completo desde el sitio de la revista |
| Tags: |
Aggiungi Tag
Nessun Tag, puoi essere il primo ad aggiungerne!!
|
MARC
| LEADER | 00000nam a22000007a 4500 | ||
|---|---|---|---|
| 003 | cru CIDCACS/IIS | ||
| 005 | 20230918093945.0 | ||
| 007 | ta | ||
| 008 | 190918s2018 ag |||p|r||||||0| ||spa|d | ||
| 040 | |c cru CIDCACS/IIS | ||
| 100 | 1 | |a Lucero, Mariel R. |9 8531 | |
| 245 | 1 | 3 | |a La larga marcha de las mujeres en las Fuerzas Armadas latinoamericanas / |c Mariel R. Lucero |
| 300 | |a páginas 144-150 | ||
| 520 | |a Este artículo examina la histórica participación de las mujeres en las Fuerzas Armadas de América Latina, destacando su lucha por la igualdad de género en un entorno tradicionalmente dominado por hombres. A lo largo de décadas, las mujeres han enfrentado desafíos y obstáculos para lograr un mayor reconocimiento y participación en las instituciones militares. Su inclusión en las Fuerzas Armadas no solo promueve la igualdad de género, sino que también enriquece la diversidad y perspectivas en el ámbito de la seguridad y la defensa. RAR 09/2023 | ||
| 650 | 0 | |2 OCDE |9 88 |a MUJERES | |
| 650 | 0 | |2 OCDE |9 70 |a FUERZAS ARMADAS | |
| 650 | 0 | |2 OCDE |9 4611 |a IGUALDAD DE GENERO | |
| 650 | 4 | |2 OCDE |9 3207 |a PARTICIPACION POLITICA | |
| 650 | 0 | |2 UNESCO |9 964 |a GENERO | |
| 651 | 4 | |2 OCDE |9 2605 |a LATINOAMERICA | |
| 773 | 0 | |0 19022 |9 2891 |a Fundación Friedrich Ebert |d Fundación Friedrich Ebert; Nueva Sociedad |o 17009 |t Nueva Sociedad / | |
| 856 | |u https://www.nuso.org/articulo/la-larga-marcha-de-las-mujeres-en-las-fuerzas-armadas-latinoamericanas/ |y texto completo desde el sitio de la revista | ||
| 942 | |2 ddc |c PP | ||
| 999 | |c 42358 |d 42358 | ||
